|
|
|
|
| LEADER |
01984nam a22004093i 4500 |
| 001 |
EBC7045923 |
| 003 |
MiAaPQ |
| 005 |
20231204023226.0 |
| 006 |
m o d | |
| 007 |
cr cnu|||||||| |
| 008 |
231204s2022 xx o ||||0 eng d |
| 020 |
|
|
|a 9783110731590
|q (electronic bk.)
|
| 035 |
|
|
|a (MiAaPQ)EBC7045923
|
| 035 |
|
|
|a (Au-PeEL)EBL7045923
|
| 035 |
|
|
|a (OCoLC)1337589945
|
| 040 |
|
|
|a MiAaPQ
|b eng
|e rda
|e pn
|c MiAaPQ
|d MiAaPQ
|
| 082 |
0 |
|
|a 320.09
|
| 100 |
1 |
|
|a Balbo, Andrea.
|
| 245 |
1 |
0 |
|a Empire and Politics in the Eastern and Western Civilizations :
|b Searching for a 'Respublica Romanosinica'.
|
| 250 |
|
|
|a 1st ed.
|
| 264 |
|
1 |
|a Berlin/Boston :
|b Walter de Gruyter GmbH,
|c 2022.
|
| 264 |
|
4 |
|c Ã2022.
|
| 300 |
|
|
|a 1 online resource (296 pages)
|
| 336 |
|
|
|a text
|b txt
|2 rdacontent
|
| 337 |
|
|
|a computer
|b c
|2 rdamedia
|
| 338 |
|
|
|a online resource
|b cr
|2 rdacarrier
|
| 490 |
1 |
|
|a Roma Sinica Series ;
|v v.2
|
| 520 |
|
|
|a Roma Sinica. Mutual interactions between Ancient Roman and Eastern Thought is an original series in classical and comparative studies. Generously supported by the SIAC (International Society of Cicero's friends), it aims to publish works concerning the relationships between Ancient Western (Greek, Roman) and Eastern (Korean, Chinese, Japanese) thought.
|
| 588 |
|
|
|a Description based on publisher supplied metadata and other sources.
|
| 590 |
|
|
|a Electronic reproduction. Ann Arbor, Michigan : ProQuest Ebook Central, 2023. Available via World Wide Web. Access may be limited to ProQuest Ebook Central affiliated libraries.
|
| 655 |
|
4 |
|a Electronic books.
|
| 700 |
1 |
|
|a Ahn, Jaewon.
|
| 700 |
1 |
|
|a Kim, Kihoon.
|
| 776 |
0 |
8 |
|i Print version:
|a Balbo, Andrea
|t Empire and Politics in the Eastern and Western Civilizations
|d Berlin/Boston : Walter de Gruyter GmbH,c2022
|
| 797 |
2 |
|
|a ProQuest (Firm)
|
| 830 |
|
0 |
|a Roma Sinica Series
|
| 856 |
4 |
0 |
|u https://ebookcentral.proquest.com/lib/matrademy/detail.action?docID=7045923
|z Click to View
|